Stavebníctvo
Mimoriadna sekcia Trendu. Stavebníctvo na Slovensku a vo svete. Výstavba diaľnic. Bytová výstavba. Stavba storočia (titul). Viacúčelové stavby. Stavebné remeslá. Kapitálový trh.
Na minha lista:
| Formato: | Capítulo de Livro |
|---|---|
| Idioma: | eslovaco |
| Assuntos: | |
| Tags: |
Sem tags, seja o primeiro a adicionar uma tag!
|
MARC
| LEADER | 00000naa a2200000 4500 | ||
|---|---|---|---|
| 001 | r041170 | ||
| 005 | 20230921111011.8 | ||
| 041 | 0 | |a slo | |
| 044 | |a SK | ||
| 245 | 1 | 0 | |a Stavebníctvo |
| 520 | |a Mimoriadna sekcia Trendu. Stavebníctvo na Slovensku a vo svete. Výstavba diaľnic. Bytová výstavba. Stavba storočia (titul). Viacúčelové stavby. Stavebné remeslá. Kapitálový trh. | ||
| 610 | 2 | 0 | |a stavebníctvo |
| 610 | 2 | 0 | |a výstavba bytová |
| 610 | 2 | 0 | |a diaľnice |
| 610 | 2 | 0 | |a stavby |
| 610 | 2 | 0 | |a remeslá |
| 610 | 2 | 0 | |a trh kapitálový |
| 610 | 2 | 0 | |a Slovensko |
| 610 | 2 | 0 | |a svet |